| 000 | 00761nam a22001337a 4500 | ||
|---|---|---|---|
| 040 | _cRUA | ||
| 082 | _aAGR MEN 2014 B579 Or.1 | ||
| 100 | _aMENG THENG ម៉េង ថេង | ||
| 245 | _aeffectiveness of different rice husk charcoal rate on chines radish at royaluniversity of agriculure ប្រសិទ្ធភាពធ្យូងអង្កាមកម្រិតផ្សេងៗគ្នាលើដំណាំឆៃថាវនៅក្នុងលក្ខខណ្ឌសាកលវិទ្យាល័យភូមិន្ទកសិកម្ម | ||
| 260 |
_aphnom penh _bRUA _c2014 |
||
| 300 |
_axi;36; _billl; _c29cm; |
||
| 856 | _uhttps://drive.google.com/file/d/1zNZ1A-ip65bIrdpRsqpTXAz4H2UJkGOr/view?usp=sharing | ||
| 942 | _cAGR | ||
| 999 |
_c14807 _d14807 |
||